German States Quiz - Saxony-Anhalt - Statistics

General Stats
  • This quiz has been taken 27 times
  • The average score is 10 of 15
Answer Stats
Hint Answer % Correct
This priest known for his 95 theses was also born in this state Martin Luther
100%
Second largest city Halle
90%
State capital Magdeburg
90%
First chancellor of the German Empire, also born in Saxony-Anhalt Otto von Bismarck
90%
Low mountain range shared with Lower Saxony Harz
70%
The above is located on the banks of this river Saale
70%
... as well as this city, where he supposedly hammered his theses onto a church door Wittenberg
70%
Art school founded by Walter Gropius, one of its three locations was in Dessau Bauhaus
60%
... and also birth city to this composer, among others known for his oratorio Messiah Georg Friedrich Händel
60%
Town just north of the above - its old town is particularly known for its Romanesque architecture, today it's a UNESCO World Heritage site Quedlinburg
60%
In the south of this state, this particular grape juice is largely produced Wine
60%
Cake speciality originally from Salzwedel and particularly eaten during advent Baumkuchen
40%
Minister president Reiner Haseloff
40%
... in this city to be exact - today it is attributed his last name in the official title Eisleben
30%
Philosopher born in Saxony-Anhalt, known for his work with theology Friedrich Nietzsche
20%
No matching quizzes found
Score Distribution
Percent of People with Each Score
Percentile by Number Answered
Your Score History
You have not taken this quiz